[Event "Oskarja Memorial 10th"]
[Site "Chess.com INT"]
[Date "2021.01.16"]
[Round "13"]
[White "Ribic, Ivan"]
[Black "Plesec, Damjan"]
[Result "0-1"]
[WhiteElo "2165"]
[BlackElo "2094"]
[PlyCount "102"]
[EventDate "2021.01.16"]
[EventType "swiss (blitz)"]
[EventRounds "15"]
[EventCountry "SLO"]
[SourceTitle "CBM 200 Extra"]
[Source "ChessBase"]
[SourceDate "2021.03.31"]
[SourceVersion "1"]
[SourceVersionDate "2021.03.31"]
[SourceQuality "1"]

1. c4 e6 2. g3 d5 3. Bg2 Nf6 4. Nf3 Be7 5. 0-0 0-0 6. d4 dxc4 7. Qc2 c5 8. Na3 cxd4 9. Nxc4 Nc6 10. Rd1 Qc7 11. Bf4 Qd8 12. Nce5 Nxe5 13. Bxe5 Qa5 14. Rxd4 Bc5 15. Rh4 h6 16. Bxf6 gxf6 17. Rxh6 f5 18. Qc4 Qb4 19. Qxb4 Bxb4 20. Rh4 Be7 21. Rd4 Bf6 22. Rb4 Rb8 23. Rd1 b6 24. e4 fxe4 25. Ne1 Bb7 26. Rd7 Rfd8 27. Rxd8+ Rxd8 28. Bxe4 Bxe4 29. Rxe4 Bxb2 30. Kg2 Rd2 31. Nf3 Rc2 32. Ra4 a5 33. h4 Bf6 34. g4 Be7 35. g5 Bb4 36. Ne5 Kg7 37. a3 b5 38. Rxb4 axb4 39. axb4 Rb2 40. Nc6 Rc2 41. Kg3 Rxc6 42. f4 Rc4 43. Kg4 Rxb4 44. h5 Rc4 45. Kf3 b4 46. f5 exf5 47. h6+ Kg6 48. Ke3 b3 49. Kd3 Rc8 50. h7 b2 51. h8N+ Rxh8 0-1